000 00617cab a2200205 4500
001 WB2628-29
008 090401t1990 xxu||||| |||| 00| 0 eng d
035 _a(Sirsi) u15464
041 _aeng
245 _aEnvironmental database
260 _c1990
350 _a0
490 _aComputer Weekly
_v12/7/90 p6
520 _aGreenspace hopes to develop a computer system, which will assist in environment al projects and will be available to the public.
650 _aHAMPSHIRE CC
650 _aHANTSNET
690 _aMANAGEMENT-BUSINESS MANAGEMENT-INFORMATION MANAGEMENT
942 _n0
948 _c04/03/1997
999 _c10145
_d10145